|
|
|
|
| LEADER |
00000nam a2200000Ii 4500 |
| 001 |
DIGUCANT0115 |
| 003 |
NyNyDIG |
| 007 |
cr ||||||||||| |
| 008 |
220623s2021 sp a ob 001 0 spa d |
| 006 |
m o d |
| 035 |
|
|
|a (OCoLC)1334421050
|
| 040 |
|
|
|a DGITA
|b eng
|e rda
|e pn
|c DGITA
|
| 020 |
|
|
|a 9788481021042
|q eBook
|q pdf
|
| 020 |
|
|
|z 9788481024258
|
| 043 |
|
|
|a n-mx---
|
| 050 |
1 |
4 |
|a F1392.C28 ebook
|
| 245 |
0 |
0 |
|a De la colonia a la globalización :
|b empresarios cántabros en México /
|c editores, Rafael Domínguez Martín, Mario Cerutti Pignat.
|
| 264 |
|
1 |
|a Santander :
|b Ediciones Universidad Cantabria,
|c 2021.
|
| 300 |
|
|
|a 1 online resource :
|b illustrations.
|
| 336 |
|
|
|a text
|b txt
|2 rdacontent
|
| 337 |
|
|
|a computer
|b c
|2 rdamedia
|
| 338 |
|
|
|a online resource
|b cr
|2 rdacarrier
|
| 347 |
|
|
|a text file
|2 rdaft
|
| 347 |
|
|
|b PDF
|
| 490 |
1 |
|
|a Colección Historia ;
|v 60
|
| 504 |
|
|
|a Includes bibliographical references and index.
|
| 588 |
0 |
|
|a Online resource; title from PDF title page (Digitalia, viewed June 23, 2022)
|
| 650 |
|
0 |
|a Cantabrians
|z Mexico
|x History.
|
| 650 |
|
0 |
|a Businessmen
|z Mexico
|x History.
|
| 651 |
|
0 |
|a Cantabria (Spain)
|x Emigration and immigration
|x History.
|
| 651 |
|
0 |
|a Mexico
|x Emigration and immigration
|x History.
|
| 655 |
|
0 |
|a Electronic books.
|
| 700 |
1 |
|
|a Domínguez Martín, Rafael,
|d 1963-
|e editor.
|
| 700 |
1 |
|
|a Cerutti, Mario,
|e editor.
|
| 791 |
2 |
|
|a Digitalia (Firm),
|e distributor.
|
| 793 |
0 |
|
|g Digitalia eBook Collection:
|a Ediciones Universidad Cantabria
|
| 776 |
0 |
8 |
|i Print version:
|t De la colonia a la globalización.
|d Santander : Ediciones Universidad Cantabria, 2021
|z 9788481024258
|
| 830 |
|
0 |
|a Colección Historia (Editorial Universidad de Cantabria) ;
|v 60.
|
| 856 |
4 |
0 |
|3 Digitalia Hispánica
|u https://www.digitaliapublishing.com/a/103050/
|
| 910 |
|
|
|a Premium collection: 2022
|